US States by Area Codes Quiz Stats

 Plays Quiz Updated Aug 8, 2018

Challenge
Share
Tweet
Embed
Score 0/50 Timer 10:00
2 Plays Today
State Area Codes State % Correct
209, 213, 310, 323, 408, 415, 424, 442, 510, 530, 559, 562, 619, 626, 650, 657, 661, 669, 707, 714, 747, 760, 805, 818, 831, 858, 909, 916, 925, 949, 951California
85.2%
210, 214, 254, 281, 325, 361, 409, 430, 432, 469, 512, 682, 713, 806, 817, 830, 832, 903, 915, 936, 940, 956, 972, 979Texas
74.2%
212, 315, 347, 516, 518, 585, 607, 631, 646, 716, 718, 845, 914, 917, 929New York
74.2%
239, 305, 321, 352, 386, 407, 561, 727, 754, 772, 786, 813, 850, 863, 904, 941, 954Florida
57.8%
217, 224, 309, 312, 331, 618, 630, 708, 773, 779, 815, 847, 872Illinois
49.2%
215, 267, 412, 445, 484, 570, 610, 717, 724, 814, 878Pennsylvania
45.4%
216, 234, 283, 330, 380, 419, 440, 513, 567, 614, 740, 937Ohio
41%
808Hawaii
40%
907Alaska
38.5%
201, 551, 609, 640, 732, 848, 856, 862, 908, 973New Jersey
36.5%
231, 248, 269, 313, 517, 586, 616, 734, 810, 906, 947, 989Michigan
34.8%
401Rhode Island
34.7%
229, 404, 470, 478, 678, 706, 762, 770, 912Georgia
32.8%
207Maine
32.3%
339, 351, 413, 508, 617, 774, 781, 857, 978Massachusetts
32.2%
802Vermont
31.7%
302Delaware
31.5%
307Wyoming
31.2%
603New Hampshire
31.1%
406Montana
28.9%
701North Dakota
28.8%
276, 434, 540, 571, 703, 757, 804Virginia
28.6%
303, 719, 720, 970Colorado
28.3%
240, 301, 410, 443Maryland
27.8%
605South Dakota
27.8%
State Area Codes State % Correct
203, 475, 860Connecticut
27.4%
208Idaho
27.4%
252, 336, 704, 828, 910, 919, 980North Carolina
26.7%
206, 253, 360, 425, 509Washington
24.7%
219, 260, 317, 574, 765, 812Indiana
23.6%
480, 520, 602, 623, 928Arizona
23.5%
314, 417, 573, 636, 660, 816Missouri
23.2%
702, 775Nevada
23.1%
218, 320, 507, 612, 651, 763, 952Minnesota
21.3%
205, 251, 256, 334, 938Alabama
21.2%
423, 615, 731, 865, 901, 931Tennessee
20.6%
262, 414, 534, 608, 715, 920Wisconsin
20.3%
505, 575New Mexico
20.1%
458, 503, 541, 971Oregon
19.5%
385, 435, 801Utah
19.3%
319, 515, 563, 641, 712Iowa
18.8%
803, 843, 864South Carolina
18.8%
225, 318, 337, 504, 985Louisiana
17.6%
270, 502, 606, 859Kentucky
17.3%
316, 620, 785, 913Kansas
17%
304, 681West Virginia
16.8%
479, 501, 870Arkansas
16.4%
308, 402, 531Nebraska
16.4%
228, 601, 662, 769Mississippi
15.5%
405, 539, 580, 918Oklahoma
15.3%

You're not logged in!

Compare scores with friends on all Sporcle quizzes.
Join for Free
OR
Log In

You Might Also Like...

Show Comments

Extras

Top Quizzes Today


Score Distribution

Your Account Isn't Verified!

In order to create a playlist on Sporcle, you need to verify the email address you used during registration. Go to your Sporcle Settings to finish the process.

Report this User

Report this user for behavior that violates our Community Guidelines.

Details: